000 00345nam a2200145Ia 4500
008 240830s1901 xx 000 0 und d
041 _aeng
082 _a0 SAC
100 _aSACHDEV K. V.
245 _aCLINICAL PATHOLOGY AND CLINICAL BACTERIOLOGY
260 _bN.D.
_c1901
650 _aPATHOLOGY
906 _aN.D.
999 _c1184509
_d1184509